Gravitational lensing (Record no. 15010)

MARC details
000 -LEADER
fixed length control field 00659nam a2200217Ia 4500
003 - CONTROL NUMBER IDENTIFIER
control field IN-BaIIA
008 - FIXED-LENGTH DATA ELEMENTS--GENERAL INFORMATION
fixed length control field 211028s9999 xx 000 0 eng d
020 ## - INTERNATIONAL STANDARD BOOK NUMBER
International Standard Book Number 3-540-44355-X
040 ## - CATALOGING SOURCE
Transcribing agency IIA Library
080 ## - UNIVERSAL DECIMAL CLASSIFICATION NUMBER
Universal Decimal Classification number 524.885(082.2)
Item number GRA
245 #0 - TITLE STATEMENT
Title Gravitational lensing
Remainder of title an astrophysical tool
Statement of responsibility, etc. edited by F. Courbin and D. Minniti
260 ## - PUBLICATION, DISTRIBUTION, ETC.
Place of publication, distribution, etc. Berlin
Name of publisher, distributor, etc. Springer-Verlag
Date of publication, distribution, etc. 2002
300 ## - PHYSICAL DESCRIPTION
Extent x, 191p.
490 ## - SERIES STATEMENT
Series statement Lecture notes in physics; v. 608
650 ## - SUBJECT ADDED ENTRY--TOPICAL TERM
Topical term or geographic name entry element Gravitational lensing
9 (RLIN) 20376
650 ## - SUBJECT ADDED ENTRY--TOPICAL TERM
Topical term or geographic name entry element Quasar lensing
9 (RLIN) 27223
650 ## - SUBJECT ADDED ENTRY--TOPICAL TERM
Topical term or geographic name entry element Weak lensing
9 (RLIN) 27224
700 ## - ADDED ENTRY--PERSONAL NAME
Personal name Courbin, F., ed.
9 (RLIN) 27225
700 ## - ADDED ENTRY--PERSONAL NAME
Personal name Minniti, D., ed.
9 (RLIN) 21478
942 ## - ADDED ENTRY ELEMENTS (KOHA)
Koha item type Books
Holdings
Withdrawn status Lost status Damaged status Not for loan Home library Current library Shelving location Date acquired Source of acquisition Cost, normal purchase price Total Checkouts Full call number Barcode Date last seen Cost, replacement price Price effective from Koha item type Purchase Price
        IIA Library-Bangalore IIA Library-Bangalore General Stacks 06/04/2003 ANJ 2584.90   524.885(082.2)/ GRA 15932 05/11/2021 2584.90 06/04/2003 Books Rs. 2584.90

Powered by Koha